Portugal - Joueurs emblématiques - Statistiques

Statistiques générales
  • Ce quiz a été pris 371 fois
  • Le résultat moyen est 17 sur 30
Statistiques - réponses
Indices Joueur % Correct
5 ballons d’or, meilleur buteur et passeur de l’histoire de la C1, 5 Ligues des Champions, meilleur buteur de la sélection Cristiano Ronaldo
98%
Attaquant passé par le Real Madrid et le FC Barcelone, fin dribbleur, ballon d’or 2000, champion d’Italie 2006 avec l’Inter Milan Luis Figo
92%
Défenseur central rugueux connu pour son agressivité et son grand nombre de cartons rouges encaissés, vainqueur de 3 Ligues des Champions avec le Real Madrid, 9ème du ballon d’or 2016 Pepe
91%
Meilleur buteur de l’histoire du Benfica, 41 buts en 64 sélections, 3ème de la Coupe du Monde 1966 Eusebio
88%
Ailier rapide et technique, 4 fois champion d’Angleterre avec Manchester United, 112 sélections en équipe nationale Nani
80%
3ème meilleur buteur du PSG, surnommé « l’Aigle des Açores », 88 sélections pour 47 buts Pauleta
80%
Joueur gaucher créatif passé par Monaco, champion de France 2017, champion d'Angleterre 2018 et 2019 avec Manchester City Bernardo Silva
78%
Attaquant comparé à Cristiano Ronald à ses débuts, connu pour ses extérieurs du pied redoutables, footballeur portugais de l’année en 2005, 2006 et 2007 Ricardo Quaresma
78%
4ème joueur le plus capé du Sporting, gardien lors de la victoire de l'Euro 2016, vainqueur de la Ligue des Nations 2019 Rui Patricio
76%
Milieu de terrain réputé pour sa vision de jeu passé par le FC Barcelone, champion d’Angleterre 2006 avec Chelsea, 2ème du ballon d’or 2004 Deco
74%
Unique buteur de la finale de l’Euro 2016 offrant le premier titre à son pays, 50 matchs pour Lille, champion de Russie 2018 avec le Lokomotiv Moscou Eder
74%
Joueur le plus cher de l'histoire du Portugal transféré à l'Athlético Madrid pour 130 millions d'euros, Golden Boy 2019, plus jeune buteur de l'Athlético en Ligue des Champions Joao Felix
73%
Milieu de terrain extrêmement complet, vainqueur de la Ligue des Champions 2003 avec l’AC Milan, 94 sélections Rui Costa
70%
Grand espoir du football portugais évoluant à Lille, vainqueur de l'Euro 2016 dans lequel il est sacré meilleur jeune, Golden Boy 2016 Renato Sanches
66%
Joueur passé par le Real Madrid, Chelsea et l’AS Monaco, actuel entraîneur adjoint de l’Olympique de Marseille, 89 sélections Ricardo Carvalho
65%
Joueur ayant joué une centaine de matchs dans sa carrière, surtout célèbre pour sa carrière d'entraîneur passé par le Real Madrid, Chelsea ou l'Inter Milan, actuel coach de Tottenham José Mourinho
63%
Actuel capitaine de Lille, joueur de champ le plus utilisé lors de l'Euro 2016 qu'il remporte, vice-champion de France 2019 José Fonte
61%
Latéral gauche passé par le Real Madrid et l'AS Monaco, vainqueur de la Ligue des Champions 2014 et 2017, 52 sélections en équipe nationale Fabio Coentrao
59%
Gardien portugais qui détient le record d’invincibilité du Portugal avec 1200 minutes sans prendre de but, vainqueur de la Ligue des Champions 2004 avec Porto Vitor Baia
47%
Défenseur emblématique du FC Porto, vainqueur de la Ligue des Champions 2004, actuel entraîneur passé par 12 équipes différentes Jorge Costa
43%
Joueur au tempérament explosif suspendu 7 mois pour avoir bousculé un arbitre face à la France lors de l’Euro 2000, vainqueur de la Coupe d’Italie 2001 avec la Fiorentina, 29 buts en sélection Nuno Gomes
37%
Ailier gauche passé 8 clubs différents dont l’Olympique de Marseille en 1994, champion d’Italie 1996 avec l’AC Milan, 2ème du ballon d’or 1987 Paulo Futre
30%
Défenseur central faisant partie de la « génération dorée » du Portugal, 4ème joueur le plus capé de la sélection avec 110 matchs, actuel entraîneur adjoint de Braga Fernando Couto
26%
Milieu défensif passé par la Juventus Turin, L'Inter Milan et le Borussia Dortmund, champion du Portugal 1991 avec le Benfica, actuel entraîneur de Bordeaux Paulo Sousa
25%
Arrière latéral comptant plus de 200 matchs pour Chelsea, vainqueur de la Ligue des Champions 2004 et 2012, finaliste de l'Euro 2004 Paulo Ferreira
24%
Ailier gauche bon dribbleur, 85 sélections en équipe nationale, vainqueur de la Ligue Europa 2010 avec l’Athletico Madrid Simao
23%
Milieu de terrain capable de jouer attaquant passé par Bordeaux de 1984 à 1987, 6 fois champion du Portugal avec le Benfica Fernando Chalana
19%
Attaquant connu pour son caractère avec notamment l’agression d’un arbitre en 2002 qui lui coûte 4 mois de suspension, 2 fois champion du Portugal avec le Benfica et le Sporting Joao Pinto
18%
Joueur célèbre pour son duo formé avec Eusebio dans les années 70, plus de 500 matchs pour le Benfica, passé par l’Olympique Lyonnais , 3ème de la Coupe du Monde 1966 Mario Coluna
9%
Attaquant ayant incrit 380 buts pour le Benfica en autant de matchs, 5 fois champion du Portugal, 11 buts en sélection José Aguas
6%
Aucun quiz correspondant
Distribution des résultats
% des personnes avec chaque résultat
Percentile par nombre de réponses
Votre historique - résultats
Vous n’avez pas pris ce quiz